Philo (Registro nro. 47249)
[ vista simple ]
| 000 -LÍDER | |
|---|---|
| Campo fijo de descripción fija | 010040000a22003250004500 |
| 001 - NÚMERO DE CONTROL | |
| Campo de control | 20904 |
| 003 - IDENTIFICADOR DEL NÚMERO DE CONTROL | |
| Campo de control | CO-MdFUSB |
| 005 - FECHA Y HORA DE LA ULTIMA TRANSACCIÓN | |
| control field | 20160411125906.0 |
| 008 - ELEMENTOS DE LONGITUD FIJA -- INFORMACIÓN GENERAL | |
| Campo fijo de descripción fija -- Información general | 160404b xxu||||| |||| 00| 0 eng d |
| 020 ## - NÚMERO INTERNACIONAL NORMALIZADO PARA LIBROS | |
| Número Internacional Normalizado del libro | 978-0-674-99250-4 |
| 040 ## - FUENTE DE CATALOGACIÓN | |
| Agencia de catalogación original | CO-MdFUSB |
| Agencia que realiza la transcripción | CO-MdFUSB |
| Agencia que realiza la modificación | CO-MdFUSB |
| Convenciones de la descripción | rda |
| 041 ## - CÓDIGO DE IDIOMA | |
| Código de idioma para texto/pista de sonido o título separado | eng |
| 082 ## - NÚMERO DE CLASIFICACIÓN DECIMAL DEWEY | |
| Número de clasificación | G 888 LP565p |
| 100 0# - ASIENTO PRINCIPAL--NOMBRE PERSONAL | |
| Nombre personal | Filón, |
| 245 10 - TÍTULO | |
| Título del Material | Philo |
| Número de parte o sección de la obra | II |
| 264 ## - PRODUCCIÓN, PUBLICACIÓN, DISTRIBUCIÓN, MANUFACTURA, Y COPYRIGHT | |
| Lugar de producción, publicación, distribución, manufactura | England |
| Nombre del productor, publicador, distribuidor | : Harvard University Press |
| Fecha de producción, publicación, distribución, manufactura, o copyright | 1929 |
| 300 ## - DESCRIPCIÓN FÍSICA | |
| Extensión | 503 pag. |
| 336 ## - TIPO DE CONTENIDO | |
| Fuente | rdacontent |
| Término de tipo de contenido | |
| Código de tipo de contenido | |
| 337 ## - TIPO DE MEDIO | |
| Fuente | rdamedia |
| Nombre del tipo de medio | |
| Código del tipo de medio | |
| 338 ## - TIPO DE SOPORTE | |
| Nombre del tipo de soporte | |
| Código Tipo de soporte | |
| Fuente | rdacarrier |
| 347 ## - CARACTERÍSTICAS DEL ARCHIVO DIGITAL | |
| Fuente | rda |
| 490 ## - MENCIÓN DE SERIE | |
| Mención de serie | Loeb Classical Library |
| 501 ## - NOTA DE “CON” | |
| Nota de Contenido | Hardcover |
| 505 00 - NOTA DE CONTENIDO | |
| Nota de contenido con formato preestablecido | En los querubines, la espada de fuego, y Caín -- En Abel, y los sacrificios ofrecidos por él y por Caín -- Que la peor es la costumbre de atacar el mejor -- en la posteridad de Caín y su exilio -- En los gigantes |
| 653 ## - TÉRMINO DE INDIZACIÓN - NO CONTROLADO | |
| Término no controlado | Filón de Alejandría |
| 653 ## - TÉRMINO DE INDIZACIÓN - NO CONTROLADO | |
| Término no controlado | Judaísmo helénico |
| 942 ## - TIPO DE MATERIAL (KOHA) | |
| Tipo de Item KOHA | Libros de Referencia |
| Estado de Material | Estado de Perdido | Forma de Clasificación | Volumen-Parte/Tomo | Estado de Dañado | No para Préstamo | Colección | Tomo | Biblioteca de Origen | Biblioteca Permanente | Ubicación en Estantería | Fecha de Adquisición | Total de Préstamos | Signatura Topográfica | Código de Barras | Última vez visto | Ejemplar/Existencia | Fecha de Remplazo | Tipo de Material |
|---|---|---|---|---|---|---|---|---|---|---|---|---|---|---|---|---|---|---|
| Dewey Decimal Classification | Vol. 2 | Colección de Referencia | Biblioteca FUSBC | Biblioteca FUSBC | Clásicos | 03/12/2015 | R 888.01 F488p | 22699 | 19/11/2022 | Ej. 1 | 26/01/2016 | Libros de Referencia |
